00742nam a22001937a 4500003000900000008004100009040007100050082001600121100002600137245008200163260003100245300004500276440003200321505011900353650001600472650002100488650001100509650002800520AR-CdUCM190531b ||||| |||| 00| 0 spa d aMUNICIPALIDAD PROVINCIAL DEL CUSCOcBIBLIOTECA MUNICIPAL DEL CUSCO a910 /bSO63 aSobrequés, Santiago aPaíses y naciones :bTemas de geografía universal y de historia moderna / aBarcelona :bTeide,c1973. a191 páginas ;bFotos, imagenes,c34 cm aLibro de consulta Teide n7 aContenido : Temas de geografía universal -- Temas de historia moderna -- El renacimiento y los tiempos nuevos... aGeografía aHistoria moderna aEuropa aColonizacion en America